书目信息 |
| 题名: |
梅兰芳与20世纪国际舞台
|
|
| 作者: | 田民 著 ;何恬 译 | |
| 分册: | ||
| 出版信息: | 南京 江苏人民出版社 2022.01 |
|
| 页数: | 450页 | |
| 开本: | 23cm | |
| 丛书名: | 海外中国研究丛书 | |
| 单 册: | ||
| 中图分类: | J821.2 , J821 | |
| 科图分类: | ||
| 主题词: | 京剧--jing ju--文化传播--研究--中国--现代 | |
| 电子资源: | ||
| ISBN: | 978-7-214-26624-8 | |
| 000 | 01934nam 2200337 450 | |
| 001 | 2242662069 | |
| 005 | 20220916115132.68 | |
| 010 | @a978-7-214-26624-8@dCNY88.00 | |
| 099 | @aCAL 012022019298 | |
| 100 | @a20220303d2022 em y0chiy50 ea | |
| 101 | 1 | @achi@ceng |
| 102 | @aCN@b320000 | |
| 105 | @ay a 001yy | |
| 200 | 1 | @a梅兰芳与20世纪国际舞台@Amei lan fang yu 20 shi ji guo ji wu tai@e中国戏剧的定位与置换@d= Mei Lanfang and the twentieth-century international stage@eChinese theatre placed and displaced@f(美) 田民著@g何恬译@zeng |
| 210 | @a南京@c江苏人民出版社@d2022.01 | |
| 215 | @a450页@d23cm | |
| 225 | 2 | @a海外中国研究丛书@Ahai wai zhong guo yan jiu cong shu |
| 314 | @a田民, 1990年在中央戏剧学院获博士学位, 后留校任讲师和副教授。1994年赴美国, 后在伊利诺伊大学戏剧系获博士学位。现供职于爱荷华大学。何恬, 中国社会科学院外国文学研究所英美室副研究员。主要从事比较戏剧、海外中国学研究。 | |
| 320 | @a有书目 (393-436页) 和索引 | |
| 330 | @a旅美华裔学者田民的这部著作是海内外唯一全部依靠原文材料对梅兰芳历次出洋演出进行通盘考察的学术著作。该书以梅兰芳一九一九年、一九二四年、一九三五年的数次海外演出为考察对象, 主要致力于揭示“跨文化戏剧”现象的一般机制。田民认为, 在跨文化戏剧活动中, 文化、社会、政治、经济等方面的“差异”必然会使游走在文化间的戏剧发生各种“变形”。田民对跨文化置换发生过程的考察, 主要是从“文化一社会一历史一政治”和“艺术一美学”两大层面来进行的。 | |
| 410 | 0 | @12001 @a海外中国研究丛书 |
| 500 | 10 | @aMei Lanfang and the twentieth-century international stage : Chinese theatre placed and displaced@mChinese |
| 517 | 1 | @a中国戏剧的定位与置换@AZhong Guo Xi Ju De Ding Wei Yu Zhi Huan |
| 600 | 0 | @a梅兰芳,@Amei lan fang ,@f1894-1961@x京剧@x文化传播@x研究 |
| 606 | 0 | @a京剧@Ajing ju@x文化传播@x研究@y中国@z现代 |
| 690 | @aJ821.2@v5 | |
| 690 | @aJ821@v4 | |
| 701 | 0 | @a田民@Atian min@4著 |
| 702 | 0 | @a何恬@Ahe tian@4译 |
| 801 | 0 | @aCN@b人天书店@c20220314 |
| 905 | @aZUCC@dJ821@e5 | |
| 梅兰芳与20世纪国际舞台:中国戏剧的定位与置换= Mei Lanfang and the twentieth-century international stage:Chinese theatre placed and displaced/(美) 田民著/何恬译.-南京:江苏人民出版社,2022.01 |
| 450页;23cm.-(海外中国研究丛书) |
| ISBN 978-7-214-26624-8:CNY88.00 |
| 旅美华裔学者田民的这部著作是海内外唯一全部依靠原文材料对梅兰芳历次出洋演出进行通盘考察的学术著作。该书以梅兰芳一九一九年、一九二四年、一九三五年的数次海外演出为考察对象, 主要致力于揭示“跨文化戏剧”现象的一般机制。田民认为, 在跨文化戏剧活动中, 文化、社会、政治、经济等方面的“差异”必然会使游走在文化间的戏剧发生各种“变形”。田民对跨文化置换发生过程的考察, 主要是从“文化一社会一历史一政治”和“艺术一美学”两大层面来进行的。 |
| ● |
| 相关链接 |
|
|
|
正题名:梅兰芳与20世纪国际舞台
索取号:J821/5
 
预约/预借
| 序号 | 登录号 | 条形码 | 馆藏地/架位号 | 状态 | 备注 |
| 1 | 2000894115 | 2000894115 | 第三书库/ [索取号:J821/5] | 在馆 | |
| 2 | 2000894116 | 2000894116 | 第三书库/ [索取号:J821/5] | 在馆 | |
| 3 | 2000894117 | 2000894117 | 第三书库/ [索取号:J821/5] | 在馆 |